000 00308 a2200097 4500
245 0 0 _aWymiary lamp elektronowych - Cokół 13-nóżkowy 13C17 PN-93/T-06400/13 /
_cMP i Handlu.
246 1 3 _aPN-93/T-06400/13
246 1 3 _a621.32.032.85
260 _aWarszawa :
_bMP i Handlu,
_c1993.
300 _a4 stron ;
_c30 cm.
650 _aPolska norma
999 _c20021
_d20021